| 000 | 00963nam a22002417a 4500 | ||
|---|---|---|---|
| 001 | BRCA_9417 | ||
| 003 | FranzMayer | ||
| 005 | 20230918130133.0 | ||
| 008 | 230906b |||||||| |||| 00| 0 eng d | ||
| 040 |
_aMFM _bESPAÑOL _cMFM |
||
| 050 | 0 |
_aG153.L29 _bM66 2002 |
|
| 110 | 1 |
_4Responsable _aLe monde des Ameriques _929628 |
|
| 240 |
_aVoyages en Amérique Latine _hAvril 2001-Mars 2002 _lFrancés |
||
| 245 | 0 |
_aVoyages en Amérique Latine _bAvril 2001-Mars 2002 |
|
| 260 |
_aParis, Francia _bLe monde des Ameriques _c2002 |
||
| 300 |
_a50 p _bIlustraciones _c24 cm |
||
| 500 | _aAnexo 1 | ||
| 500 | _aIncluye una hoja desprendida al inicio del documento. | ||
| 505 | _aTexto en: españolIncluye índice temáticoDirigido a: viajeros, personas con interés en viajar a América Latina | ||
| 650 | 1 |
_2Geografía _aViajes _vGuías turísticas _929629 |
|
| 651 | 2 |
_2Continente americano _aAmérica Latina _vAbril 2001-Marzo 2002 _929630 |
|
| 942 |
_2lcc _cH |
||
| 999 |
_c11039 _d11039 |
||